000 00778nam a2200265Ia 4500
003 OSt
005 20220925220711.0
006 a|||||r|||| 00| 0
007 ta
008 220923b |||||||| |||| 00| 0 eng d
020 _a0333274385
037 _cGeneral Book
040 _aRTL
_cRTL
_beng
041 _2eng
_aeng
082 _aX9(F552).3.N7, L9
100 _aPearce David
_948437
245 0 _aDecision making for energy futures
_bA case study
260 _aLondon
_bMacmillan
_c1979
300 _axx,352p
_ccm.
490 _aSocial Science Research Council Publication
500 _aAppendix P 236-91
650 _aFuel Industry Nuclear
_9237301
942 _hX9(F552).3.N7, L9
_cGB
_2CC
999 _c572119
_d572119